000 00412nam a2200121Ia 4500
008 250110s9999 xx 000 0 und d
041 _aeng
100 _aMandge Snehal
_9182663
245 _aNet Zero Waste Municipal Solid Waste Management Strategies With A Zero Waste Objective : Aundh Ward Pune
260 _bM.Arch Environmental, Pune
_c2014
300 _a111p
700 _aGuide Name:Kulkarni Prajakta
_9210338
999 _c363530
_d363530